| 000 | 00619nam a22001817a 4500 | ||
|---|---|---|---|
| 008 | 250306b |||||||| |||| 00| 0 eng d | ||
| 040 |
_aKABU _cKABU |
||
| 050 |
_aThe HF 5415.13 _b.C44 2021 |
||
| 100 | _aCheruiyot, David Kisa | ||
| 245 |
_aInfluence of marketing mix strategies on sales performance of Bixa Orellana among small scale farmers in Kwale County, Kenya / _cDavid Kisa Cheruiyot, |
||
| 260 |
_aNakuru, Kenya: _bKabarak University, _c2021. |
||
| 300 | _axvii, 201p. | ||
| 500 | _aUnpublished Thesis | ||
| 650 | _aMarketing mix | ||
| 700 | _aMwaura, Peter | ||
| 700 | _aTanui, John K. | ||
| 942 |
_2lcc _cTHE |
||
| 999 |
_c20687 _d20686 |
||